The Powerpuff Girls Episodes Quiz Stats

 Plays Quiz not verified by Sporcle

Support Sporcle.
Go Orange.
Score 0/136 Timer 20:00
0 Plays Today
Season Episode Title % Correct
1The Rowdyruff Boys
85.9%
1Mommy Fearest
84.7%
1Octi Evil
83.4%
1Monkey See, Doggie Do
83.2%
1Insect Inside
81.7%
1Buttercrush
81.4%
1Bubblevicious
80.4%
1Uh Oh Dynamo
80.4%
1Boogie Frights
79.5%
1Powerpuff Bluff
78.5%
1Fuzzy Logic
78.5%
1Abracadaver
78.2%
2Birthday Bash
78%
1Cat Man Do
77.5%
2Stuck Up, Up and Away
77.5%
1Telephonies
76.5%
2Down n' Dirty
76.2%
5The Boys Are Back in Town
76.2%
3Bubblevision
75.7%
2Schoolhouse Rocked
75.5%
3Meet the Beat Alls
75.5%
1Paste Makes Waste
75.2%
1Ice Sore
75.2%
1Geshundfight
75%
1Tough Love
74.3%
1Mr. Mojo's Rising
74.3%
1Impeach Fuzz
74.3%
2Beat Your Greens
74%
1Mime for a Change
73.8%
4Him Diddle Riddle
73.8%
2Something's a Ms
73.5%
1The Bare Facts
73%
2Supper Villain
73%
2Collect Her
72.8%
2Twisted Sister
72.8%
2Cover Up
72.5%
3Bought and Scold
72.5%
5Octi-Gone
72.5%
1Just Another Manic Mojo
72.3%
3Moral Decay
72.3%
2Slumbering with the Enemy
72%
3Powerprof
72%
3The Mane Event
71.8%
3Power Lunch
71.8%
2Mo Job
71.5%
2The Powerpuff Girls Best Rainy Day Adventure Ever
71.5%
Season Episode Title % Correct
2A Very Special Blossom
71.3%
1Major Competition
70.5%
2Just Desserts
70.5%
2Speed Demon
70.3%
3Monkey See, Doggy Two
69.8%
4Not So Awesome Blossom
69.8%
4Super Friends
69.3%
2Mojo Jonesin
68.8%
4Film Flam
68.8%
3Helter Shelter
68.6%
4All Chalked Up
68.6%
4Keen on Keane
68.6%
5The City of Clipsville
68.6%
5Bubble Boy
68.3%
4Power-Noia
68.1%
2Daylight Savings
67.8%
2Too Pooped to Puff
67.6%
2Imaginary Fiend
67.6%
2Slave the Day
67.3%
4Nano of the North
67.3%
4Knock It Off
67.3%
2Dream Scheme
67.1%
2Los Dos Mojos
66.6%
2You Snooze You Lose
66.1%
4Stray Bullet
65.8%
2Cootie Gras
65.6%
2Pet Feud
65.3%
3Ploys R' Us
65.3%
3Hot Air Buffoon
64.9%
5Boy Toys
64.4%
3Town and Out
64.1%
3Cop Out
64.1%
3Candy is Dandy
64.1%
6The City of Nutsville
63.9%
3Gettin' Twiggy With It
63.6%
3The Headsucker's Moxy
62.4%
4Members Only
62.4%
6Sun Scream
62.4%
3Child Fearing
62.1%
3Three Girls and a Monster
62.1%
3Equal Fights
61.9%
6Live and Let Dynamo
61.9%
3Catastrophe
61.1%
5Shut the Pup Up
60.9%
6A Made Up Story
60.9%
4Get Back Jojo
59.7%
Season Episode Title % Correct
5Divide and Conquer
59.4%
3Fallen Arches
59.2%
6The City of Frownsville
59.2%
5Curses
58.9%
5Sweet N' Sour
58.9%
6Custody Battle
58.9%
5Shotgun Wedding
58.7%
5I See a Funny Cartoon in Your Future
57.7%
3Criss Cross Crisis
57.4%
5Pee Pee G's
56.4%
6Prime Mates
56.4%
5Save Mojo
56.2%
3Jewel of the Aisle
55.9%
5See Me, Feel Me, Gnomey
55.9%
5A Documentary
55.9%
5Bang for Your Buck
55.7%
4Nuthin' Special
54.7%
6Night Mayor
54.7%
6Roughing It Up
54.2%
6What's the Big Idea?
54.2%
5Monstra-City
54%
6Aspirations
54%
4Forced Kin
53.5%
3Super Zeroes
53.2%
6Oops, I Did It Again
53.2%
4Neighbor Hood
52.7%
5Girls Gone Mild
52.7%
6Makes Zen to Me
52.7%
5Toast of the Town
52.2%
6Crazy Mixed Up Puffs
52.2%
6Say Uncle
52%
6That's Not My Baby
52%
6West in Pieces
50.5%
5Lying Around the House
49.8%
5Substitute Creature
48.5%
5Silent Treatment
46.5%
5Burglar Alarmed
46.3%
6Simian Says
45.8%
6Mizzen in Action
44.8%
6Little Miss Interprets
43.3%
6Mo' Linguish
43.1%
5Seed No Evil
39.1%
6Coupe D'Etat
36.9%
6Reeking Havoc
36.4%

You're not logged in!

Compare scores with friends on all Sporcle quizzes.
OR
Log In

From the Vault

Complete the Book Series

by Skystorm33

Help these books get on the same page.
Remove Ads.
Support Sporcle.
Get the best of Sporcle when you Go Orange. This ad-free experience offers more features, more stats, and more fun while also helping to support Sporcle. Thank you for becoming a member.

Show Comments

Extras

Top Quizzes Today


Score Distribution

Your Account Isn't Verified!

In order to create a playlist on Sporcle, you need to verify the email address you used during registration. Go to your Sporcle Settings to finish the process.

Report this User

Report this user for behavior that violates our Community Guidelines.

Details: